| 000 | 00375cam a22001097a 4500 | ||
|---|---|---|---|
| 008 | 180718b xxu||||| |||| 00| 0 eng d | ||
| 082 | _aX24x5461 | ||
| 245 |
_aSchedule of rates, Delhi _cby Central Public Works Department. India |
||
| 260 |
_aDelhi _bCentral Public Works Department _c |
||
| 500 | _aContents : Library has 1950, 1955 | ||
| 700 | _aIndia.Central Public Works Department | ||
| 999 |
_c498777 _d498777 |
||